Most successful football clubs - Statistics

General Stats
  • This quiz has been taken 84 times
  • The average score is 11 of 20
Answer Stats
Rank Team Trophies % Correct
6th Real Madrid 105
96%
7th Barcelona 99
95%
16th Manchester United 69
94%
11th Bayern Munich 82
92%
15th Liverpool 70
92%
14th Juventus 71
84%
13th Ajax 75
68%
4th Celtic 113
68%
10th Porto 83
62%
8th Benfica 84
61%
3rd Rangers 116
60%
19th Galatasaray 59
42%
1st Al Ahly 121
36%
18th Boca Juniors 61
36%
12th Olympiacos 82
36%
17th Anderlecht 64
29%
20th FCSB 58
12%
5th Peñarol 110
9%
2nd Nacional 117
4%
9th Al-Faisaly 83
1%
No matching quizzes found
Score Distribution
Percent of People with Each Score
Percentile by Number Answered
Your Score History
You have not taken this quiz